| 000 | 00707nam a2200217Ia 4500 | ||
|---|---|---|---|
| 008 | 191130s1989##################000#0#eng## | ||
| 020 | _a9780805802290 | ||
| 022 | _a88016485 | ||
| 040 |
_aACL _cACL |
||
| 082 | _a302.234 BEC | ||
| 245 |
_aAudience responses to media diversification : coping with plenty _cedited by Lee B. Becker, Klaus Schoenbach |
||
| 260 |
_aHillsdale, N.J _bL. Erlbaum Associates _c1989 |
||
| 300 | _axviii, 376 p. : ill. ; 23 cm | ||
| 500 | _aIncludes bibliographical references and index | ||
| 650 | _aMass media - Audiences | ||
| 700 | _aBecker, Lee B | ||
| 700 | _aSchoenbach, Klaus | ||
| 990 | _abe455ce9ac10000c70bdfc863fe84205 | ||
| 991 | _a230752 | ||
| 999 |
_c375548 _d375548 |
||